Obstetrics by Ten Teachers (Record no. 253)
[ view plain ]
| 000 -LEADER | |
|---|---|
| fixed length control field | 00528nam a22002057a 4500 |
| 003 - CONTROL NUMBER IDENTIFIER | |
| control field | OSt |
| 005 - DATE AND TIME OF LATEST TRANSACTION | |
| control field | 20140717152656.0 |
| 008 - FIXED-LENGTH DATA ELEMENTS--GENERAL INFORMATION | |
| fixed length control field | 140717b xxu||||| |||| 00| 0 eng d |
| 020 ## - INTERNATIONAL STANDARD BOOK NUMBER | |
| International Standard Book Number | 0340816678 |
| 040 ## - CATALOGING SOURCE | |
| Transcribing agency | DNLM |
| 082 ## - DEWEY DECIMAL CLASSIFICATION NUMBER | |
| Classification number | WQ100 O7p 2006 |
| Item number | O |
| 100 ## - MAIN ENTRY--PERSONAL NAME | |
| Personal name | Edited by Baker Philip |
| 9 (RLIN) | 697 |
| 245 ## - TITLE STATEMENT | |
| Title | Obstetrics by Ten Teachers |
| 250 ## - EDITION STATEMENT | |
| Edition statement | 18th ed. |
| 260 ## - PUBLICATION, DISTRIBUTION, ETC. (IMPRINT) | |
| Place of publication, distribution, etc. | London: |
| Name of publisher, distributor, etc. | Bookpower, |
| Date of publication, distribution, etc. | 2006 |
| 300 ## - PHYSICAL DESCRIPTION | |
| Extent | xii,340p; |
| Other physical details | col.ill: |
| Dimensions | 24.5cm |
| 504 ## - BIBLIOGRAPHY, ETC. NOTE | |
| Bibliography, etc | Appendices, index included |
| 650 ## - SUBJECT ADDED ENTRY--TOPICAL TERM | |
| Topical term or geographic name as entry element | Obstetrics |
| 9 (RLIN) | 5 |
| 942 ## - ADDED ENTRY ELEMENTS (KOHA) | |
| Source of classification or shelving scheme | Other/Generic Classification Scheme |
| Koha item type | Book Bank |
| Withdrawn status | Lost status | Source of classification or shelving scheme | Damaged status | Not for loan | Home library | Current library | Date acquired | Source of acquisition | Inventory number | Total Checkouts | Full call number | Barcode | Date last seen | Koha item type | Date last checked out |
|---|---|---|---|---|---|---|---|---|---|---|---|---|---|---|---|
| Other/Generic Classification Scheme | MUST Main Library | MUST Main Library | 17/07/2014 | 08/30590 | WQ100 O7p 2006 O | 2014-0956 | 17/07/2014 | Book Bank | |||||||
| Other/Generic Classification Scheme | MUST Main Library | MUST Main Library | 17/07/2014 | 08/30589 | WQ100 O7p 2006 O | 2014-0957 | 17/07/2014 | Book Bank | |||||||
| Other/Generic Classification Scheme | MUST Main Library | MUST Main Library | 17/07/2014 | 08/30587 | 1 | WQ100 O7p 2006 O | 2014-0958 | 12/04/2022 | Book Bank | 25/01/2022 | |||||
| Other/Generic Classification Scheme | MUST Main Library | MUST Main Library | 17/07/2014 | 08/30586 | 1 | WQ100 O7p 2006 O | 2014-0959 | 28/05/2021 | Book Bank | 23/02/2021 | |||||
| Other/Generic Classification Scheme | MUST Main Library | MUST Main Library | 17/07/2014 | 08/30585 | WQ100 O7p 2006 O | 2014-0960 | 17/07/2014 | Book Bank | |||||||
| Other/Generic Classification Scheme | MUST Main Library | MUST Main Library | 17/07/2014 | 08/30584 | WQ100 O7p 2006 O | 2014-0961 | 17/07/2014 | Book Bank | |||||||
| Other/Generic Classification Scheme | MUST Main Library | MUST Main Library | 17/07/2014 | 08/30583 | 1 | WQ100 O7p 2006 O | 2014-0962 | 07/10/2021 | Book Bank | 29/08/2019 | |||||
| Other/Generic Classification Scheme | MUST Main Library | MUST Main Library | 17/07/2014 | 08/29526 | WQ100 O7p 2006 O | 2014-0963 | 17/07/2014 | Book Bank | |||||||
| Other/Generic Classification Scheme | MUST Main Library | MUST Main Library | 17/07/2014 | 08/29525 | 1 | WQ100 O7p 2006 O | 2014-0964 | 25/01/2021 | Book Bank | 14/02/2020 | |||||
| Other/Generic Classification Scheme | MUST Main Library | MUST Main Library | 17/07/2014 | 08/29524 | 1 | WQ100 O7p 2006 O | 2014-0965 | 25/04/2022 | Book Bank | 16/02/2022 | |||||
| Other/Generic Classification Scheme | MUST Main Library | MUST Main Library | 17/07/2014 | 08/29523 | WQ100 O7p 2006 O | 2014-0966 | 17/07/2014 | Book Bank | |||||||
| Other/Generic Classification Scheme | MUST Main Library | MUST Main Library | 17/07/2014 | 08/29522 | WQ100 O7p 2006 O | 2014-0967 | 17/07/2014 | Book Bank |
